Madagascar Country Quiz - Statistics

General Stats
  • This quiz has been taken 2,217 times
    2,168 since last reset
  • The average score is 9 of 18
Answer Stats
Clue Answer % Correct
Ocean Madagascar is located in Indian Ocean
98%
Official language French
85%
Madagascar is the world's 4th largest island. Name an island that is larger (no continents). Greenland | New Guinea | Borneo
81%
Capital city Antananarivo
80%
What was abolished in 1896 Slavery
78%
National animal Lemur
71%
Due to its many endemic species, Madagascar is considered a hotspot of... Bio{diversity}
69%
Largest sector of the economy Agriculture
49%
Official language Malagasy
48%
It separates Madagascar from continental Africa {Mozambique} Channel
48%
Trees with thick trunks; there's a famous alley of them Baobabs
45%
Most popular sport Rugby
37%
Madagascar is the world's largest producer of this spice Vanilla
37%
What Madagascar was until 1897 Kingdom
30%
Ascendants from Indonesia who arrived on the island ca. 1 AD {Austro}nesians
18%
Nickname given by locals to the above Tana
18%
Currency Ariary
13%
Second-largest city Toamasina
9%
No matching quizzes found
Score Distribution
Percent of People with Each Score
Percentile by Number Answered
Your Score History
You have not taken this quiz since the last reset